Tomás Barros (Record no. 182613)

MARC details
000 -LEADER
campo de control de longitud fija 00502ntm a2200169 i 4500
001 - NÚMERO DE CONTROL
campo de control 182613
003 - IDENTIFICADOR DE NÚMERO DE CONTROL
campo de control ES-MaACL
005 - FECHA Y HORA DE LA ÚLTIMA TRANSACCIÓN
campo de control 20231026144928.0
008 - DATOS DE LONGITUD FIJA--INFORMACIÓN GENERAL
campo de control de longitud fija 131003q2001 sp |||| |dspa d
245 00 - MENCIÓN DEL TÍTULO
Título Tomás Barros
Resto del título : tal vez una sede de luz.
260 ## - PUBLICACIÓN, DISTRIBUCIÓN, ETC.
Lugar de publicación, distribución, etc. [S.l. :
Nombre del editor, distribuidor, etc. s.n.,
Fecha de publicación, distribución, etc. ca. 2001]
300 ## - DESCRIPCIÓN FÍSICA
Extensión 198 h. ;
Dimensiones 30 cm.
600 14 - PUNTO DE ACCESO ADICIONAL DE MATERIA--NOMBRE DE PERSONA
Nombre de persona Barros, Tomás (
Fechas asociadas al nombre 1922-1986)
9 (RLIN) 26051
852 ## - LOCALIZACIÓN
Ubicación ES-MaACL
Número de control de estantería N-5858
itemnumber 189529
Sublocalización o colección R.148904
Ubicación en estantería Depósito 1
Signatura antigua Olim: N-5858
942 ## - ELEMENTOS DE ENTRADA SECUNDARIOS (KOHA)
Fuente del sistema de clasificación o colocación Clasificación decimal universal
Tipo de ítem Koha Libro impreso
Holdings
Estatus retirado Estado de pérdida Fuente del sistema de clasificación o colocación Estado de daño No para préstamo Colección Biblioteca de origen Biblioteca actual Ubicación en estantería Fecha de adquisición Fuente de adquisición Total de préstamos Signatura topográfica completa Código de barras Visto por última vez Precio de reemplazo Tipo de ítem Koha
    Clasificación decimal universal     Manuscritos Biblioteca del Ateneo de Madrid Biblioteca del Ateneo de Madrid Depósito 1 03/10/2013 Donación   A-12858 1191913 23/02/2023 23/02/2023 Manuscrito